000 00588nam a2200193 a 4500
001 000035495
005 20200930074402.0
008 111102s1987 sp a 000 0 spa d
020 _a8432956120
040 _aDO-SdBNP
_bspa
_cBNPHU
082 _axxxx
_bC837s, 1989
100 1 _aCosta, Joan
_961368
245 1 0 _aSeñalética :
_bde la señalización al diseño de programa /
_cJoan Costa.
250 _a2a ed.
260 _aBarcelona :
_bEdiciones Ceac,
_c1987.
300 _a256 p. :
_bils. ;
_c26 cm.
490 1 _aEnciclopedia del diseño
830 0 _aEnciclopedia del diseño
_961369
999 _c34986
_d34986